000 00447nam a2200145Ia 4500
008 230917s9999||||xx |||||||||||||| ||und||
040 _e48026
_aMAIN
041 _aEnglish
082 _a843.09 T85R
100 _aTurnell, Martin
245 4 _aThe rise of the French novel: Marivaux, Crebillon Fils, Rousseau, Stendhala, Flaubert, Alain Fournier, Raymond Radiguet
260 _aEngland
_bHamish Hamilton
_c1979
300 _a309 p.
942 _cBK
999 _c228609
_d228609